| Tag |
First Indicator |
Second Indicator |
Subfields |
| LEADER |
00000cam a2200000 a 4500 |
| 001 |
in00000026730 |
| 005 |
20151007054528.0 |
| 008 |
810709s1978 nbuab f00010 eng d |
| 035 |
|
|
|a (OCoLC)07568270
|
| 035 |
|
|
|9 AAB5389AM
|
| 040 |
|
|
|a AED
|c AED
|d m/c
|d TXA
|d UtOrBLW
|
| 043 |
|
|
|a n-us-sd
|
| 049 |
|
|
|a TXAM
|c [A10991909]
|
| 050 |
|
4 |
|a E78.S63
|b Z553 1978
|
| 100 |
1 |
|
|a Zimmerman, Larry J.,
|d 1947-
|
| 245 |
1 |
0 |
|a Test excavations at the Gavin's Point Site, 39YK203, South Dakota /
|c Larry J. Zimmerman, Lawrence E. Bradley ; prepared for U.S. Army Corps of Engineers, Omaha District.
|
| 264 |
|
1 |
|a Omaha :
|b The District,
|c 1978.
|
| 300 |
|
|
|a 28 pages, 2 unnumbered pages :
|b illustrations ;
|c 27 cm.
|
| 336 |
|
|
|a text
|b txt
|2 rdacontent
|
| 337 |
|
|
|a unmediated
|b n
|2 rdamedia
|
| 338 |
|
|
|a volume
|b nc
|2 rdacarrier
|
| 490 |
0 |
|
|a Contract completion study / University of South Dakota Archaeology Laboratory ;
|v 76
|
| 500 |
|
|
|a Cover title.
|
| 500 |
|
|
|a "August 1978."
|
| 500 |
|
|
|a "DACW45-78-M-2952."
|
| 504 |
|
|
|a Bibliography: pages [1-2].
|
| 650 |
|
0 |
|a Archaeological surveying
|z South Dakota
|z Gavin's Point.
|
| 651 |
|
0 |
|a Gavin's Point (S.D.)
|x Antiquities.
|
| 650 |
|
0 |
|a Indians of North America
|z South Dakota
|z Gavin's Point
|x Antiquities.
|
| 700 |
1 |
|
|a Bradley, Lawrence E.
|
| 710 |
1 |
|
|a United States.
|b Army.
|b Corps of Engineers.
|b Omaha District.
|
| 999 |
|
|
|a MARS
|
| 999 |
f |
f |
|s 87195312-e851-3612-a02d-10ff62050d07
|i cecec12e-0538-3b6a-b3e5-9939c01dc146
|t 0
|
| 952 |
f |
f |
|p ric
|a Texas A&M University
|b Rellis Campus
|c Joint Library Facility
|d Remote Storage
|t 0
|e E78.S63 Z553 1978
|h Library of Congress classification
|i unmediated -- volume
|m A14810991909
|
| 998 |
f |
f |
|a E78.S63 Z553 1978
|t 0
|l Remote Storage
|